00635nam a2200193Ia 4500008004100000020001400041082001600055100001500071245006500086250000800151260003800159300002800197500001900225600003300244650001600277942000700293952012400300999001700424240925s9999 xx 000 0 und d a852264348 a515.623 JAI aJain, M.K. 0aNumerical Methods for Scientific and Engineering Computation a2nd aNew Delhi:bWiley Easternc,1991. axxi,324p.bN.AfPirated aIncludes Index aHumanities & Natural Science aMathematics cBK 001040708HUMaUITUbUITUd2010-07-14eKhaliq book Binderl0o515.623 JAIpQ8301r2024-09-25 07:14:54w2024-09-25yBK c10800d10800